Effects of Humanitarian Conflict on Livelihoods in Khyber Agency (Record no. 554134)

000 -LEADER
fixed length control field 00383nam a22001457a 4500
082 ## - DEWEY DECIMAL CLASSIFICATION NUMBER
Classification number T-234
100 ## - MAIN ENTRY--PERSONAL NAME
Personal name Shehryar Khan
9 (RLIN) 51458
245 ## - TITLE STATEMENT
Title Effects of Humanitarian Conflict on Livelihoods in Khyber Agency
260 ## - PUBLICATION, DISTRIBUTION, ETC.
Place of publication, distribution, etc. Risalpur,
Name of publisher, distributor, etc. MCE,
Date of publication, distribution, etc. 2018.
300 ## - PHYSICAL DESCRIPTION
Extent 74p.
526 ## - STUDY PROGRAM INFORMATION NOTE
Program name 0
Interest level 0
Reading level 0
Title point value T_234
650 ## - SUBJECT ADDED ENTRY--TOPICAL TERM
Topical term or geographic name entry element Thesis
9 (RLIN) 34811
700 ## - ADDED ENTRY--PERSONAL NAME
Personal name Dr. Naeem Shahzad
9 (RLIN) 34734
942 ## - ADDED ENTRY ELEMENTS (KOHA)
Source of classification or shelving scheme
Koha item type Book
Holdings
Withdrawn status Lost status Source of classification or shelving scheme Damaged status Not for loan Permanent Location Current Location Date acquired Total Checkouts Full call number Barcode Date last seen Copy number Price effective from Koha item type
          Military College of Engineering (MCE) Military College of Engineering (MCE) 09/27/2018   T-234 MCE-T-234 09/27/2018 1 09/27/2018 Book
© 2023 Central Library, National University of Sciences and Technology. All Rights Reserved.